| 000 | 00483 a2200157 4500 | ||
|---|---|---|---|
| 999 |
_c2094 _d2094 |
||
| 020 | _a0582497124 (pbk.) : | ||
| 050 | 0 | 0 | _aLB1025.2PER 1982 |
| 100 | 1 | _aPerrott, Elizabeth | |
| 245 | 1 | 0 |
_aEffective teaching : _ba practical guide to improving your teaching / _cElizabeth Perrott. |
| 264 |
_aLondon: _bLongman, _c1982 |
||
| 300 |
_aviii, 197 p. : _bill. |
||
| 500 | _aIncludes index. | ||
| 504 | _aBibliography: p. 191-194. | ||
| 650 | 0 | _aTeaching. | |
| 942 |
_2lcc _cBK _h1025.2 _iPER _k1982 |
||